"Blood and homeland" : eugenics and racial nationalism in Central and Southeast Europe, 1900-1940
Αποθηκεύτηκε σε:
| Άλλοι συγγραφείς: | , |
|---|---|
| Μορφή: | Βιβλίο |
| Γλώσσα: | English |
| Δημοσίευση: |
Budapest :
Central European University Press,
2007
|
| Θέματα: | |
| Ετικέτες: |
Προσθήκη ετικέτας
Δεν υπάρχουν, Καταχωρήστε ετικέτα πρώτοι!
|
MARC
| LEADER | 00000nam a2200000 i 4500 | ||
|---|---|---|---|
| 001 | 1/89120 | ||
| 008 | 080618s2007 eng d | ||
| 020 | |a 978-963-7326-77-6 | ||
| 020 | |a 963-7326-77-4 | ||
| 035 | |l 10098285 | ||
| 040 | |a GR-MY-UA |b gre |e aacr | ||
| 041 | 0 | |a eng | |
| 082 | 0 | |a 363.92 |2 (22) | |
| 245 | 1 | 0 | |a "Blood and homeland" : |b eugenics and racial nationalism in Central and Southeast Europe, 1900-1940 / |c edited by Marius Turda and Paul J. Weindling |
| 260 | |a Budapest : |b Central European University Press, |c 2007 | ||
| 300 | |a ix, 467 σ.; |b εικ., 1 χάρτης; |c 23 εκ. | ||
| 504 | |a Περιέχει βιβλιογραφικές παραπομπές και ευρετήριο | ||
| 650 | 0 | 0 | |a Eugenics |z Europe, Central |x History |y 20th century. |
| 650 | 0 | 0 | |a Eugenics |z Balkan Penisnula |x History |y 20th century. |
| 650 | 0 | 0 | |a Racism |z Europe, Central |x History |y 20th century. |
| 650 | 0 | 0 | |a Racism |z Balkan Penisnula |x History |y 20th century. |
| 650 | 0 | 0 | |a Nationalism |z Europe, Central |x History |y 20th century. |
| 650 | 0 | 0 | |a Nationalism |z Balkan Penisnula |x History |y 20th century. |
| 700 | 1 | |a Turda, Marius. |4 edt | |
| 700 | 1 | |a Weindling, Paul. |4 edt | |
| 852 | |a INST |b LESVOS |e 20080618 |h 363.92 BLO |p 005100041644 |q 005100041644 |t BK |y 0 | ||
| 901 | |a BIBL1-2008-2 | ||
| 909 | |a Λ |b 145451 | ||
| 922 | |a 1ΕΛΗ |b 200801 |c ΕΠΕΑΕΚ2/ΤΚΑ |d ΠΑΠΑΣΩΤΗΡΙΟΥ | ||
| 970 | |a ΚΑΡΑ |b ΓΙΑΣΕΜΗ |z 2008/06/18 | ||